000 00898nam0a22002651 4500
001 rc\3161160
005 20120615105700.8
021 _aRU
_bРг4227-77
021 _aRU
_b77-100932
035 _a(NLR Aleph) 007302489
090 _a5725073
_c5725073
100 _a20120615d1976 |||y0rusy50 ca
101 0 _arus
102 _aRU
105 _aa z |||||
200 1 _aЗа высокую нравственность
_e(Для ВДНХ СССР)
_f[ВДНХ]. М-во нар. образ. ТаджССР. Тадж. НИИ пед. наук
210 _aДушанбе
_cМаориф
_d1976
215 _a68 с.
_cил.
_d16
700 1 _aИсмаилов
_bБ. И.
_gБурхан Исмаилович
701 1 _aОрлова
_bЛ. А.
_gЛюдмила Александровна
801 0 _aRU
_bNLR
_gpsbo
801 1 _aRU
_bELAR
_2rusmarc
852 _aNLR
_j77-2/1033
942 _cBOOK
980 _aNB